Normal view
MARC view
- Police.
Entry Topical Term
001 - CONTROL NUMBER
- control field: 46758
003 - CONTROL NUMBER IDENTIFIER
- control field: OSt
005 - DATE AND TIME OF LATEST TRANSACTION
- control field: 20221109141637.0
008 - FIXED-LENGTH DATA ELEMENTS
- fixed length control field: 221109|| aca||aabn | a|a d
040 ## - CATALOGING SOURCE
- Original cataloging agency: OSt
- Transcribing agency: OSt
150 ## - HEADING--TOPICAL TERM
- Topical term or geographic name entry element: Police.
670 ## - SOURCE DATA FOUND
- Source citation: Work cat.: (OSt): Tupas, Emmanuel. 46757, 50,000 police pensioners 'missing' -PNP / , February 21, 2020.
